| 000 | 00802nam a2200253Ia 4500 | ||
|---|---|---|---|
| 003 | OSt | ||
| 005 | 20221005042406.0 | ||
| 006 | a|||||r|||| 00| 0 | ||
| 007 | ta | ||
| 008 | 221004b |||||||| |||| 00| 0 san d | ||
| 020 |
_a818670065X (hbk) _c450 |
||
| 024 | _a87556 | ||
| 037 |
_b1286, 30/03/2007, Vidyanidhi Prakashan _cTextual |
||
| 040 |
_aCRL _cCRL _bsan |
||
| 041 |
_2san _asan |
||
| 082 | _aP164:3k, 15P7 | ||
| 100 | _aBhardwaj Ramesh | ||
| 245 | 0 |
_aRaja vyavahara kosh of Raghunatha Pandit _b Persian - Sanskrit phraseology |
|
| 260 |
_aDelhi _bVidhyanidhi Prakashan India _c2007 |
||
| 300 |
_axxvi, 143p. _ccm. |
||
| 650 | _aLINGUISTICS | ||
| 942 |
_hP164:3k, 15P7 _cTEXL _2cc |
||
| 999 |
_c950173 _d950173 |
||